[Event "DVM U14 2019"]
[Site "Magdeburg GER"]
[Date "2019.12.29"]
[Round "5"]
[White "Färber, Sophie"]
[Black "Posselt, Daniel"]
[Result "0-1"]
[Termination "normal"]
[Board "9.4"]
[WhiteElo "1378"]
[BlackElo "1289"]
[WhiteTeam "SV 1947 Walldorf"]
[BlackTeam "USV TU Dresden"]
[PlyCount "75"]
[WhiteFideId "16239121"]
[BlackFideId "16298241"]
[EventCountry "GER"]
[EventRounds "7"]
[EventType "team-swiss"]
[EventDate "2019.12.26"]

1. e4 e5 2. Nf3 Nc6 3. Bc4 Bc5 4. c3 Nf6 5. d3 h6 6. Bb3 O-O 7. Be3 Bb6 8. Nbd2
d6 9. Nf1 Ne7 10. Ng3 c6 11. d4 Bc7 12. dxe5 dxe5 13. h3 b6 14. O-O Bb7 15. Bc2
c5 16. b4 c4 17. a4 a6 18. Qe2 b5 19. Rfd1 Qe8 20. Bc5 Nd7 21. Bd6 Bxd6 22.
Rxd6 Nc8 23. Rd2 Ncb6 24. Nf5 Nf6 25. Nd6 Qe7 26. axb5 axb5 27. Rxa8 Rxa8 28.
Nxb5 Bc6 29. Nd6 Qe6 30. Nf5 Ne8 31. Qd1 Bd7 32. Qe2 Ra2 33. Bd1 Ra6 34. Qe3
Ba4 35. Be2 Nd7 36. Bf1 Bb5 37. Qe2 Nd6 38. Nxd6 0-1

[Event "DVM U14 2019"]
[Site "Magdeburg GER"]
[Date "2019.12.29"]
[Round "5"]
[White "Schuh, Ramon"]
[Black "Toval, David"]
[Result "0-1"]
[Termination "normal"]
[Board "10.1"]
[WhiteElo "1360"]
[BlackElo "1853"]
[WhiteTeam "FVS ASP Hoyerswerda"]
[BlackTeam "Schachklub Münster 32 e. V."]
[PlyCount "52"]
[WhiteFideId "16215982"]
[BlackFideId "12992755"]
[EventCountry "GER"]
[EventRounds "7"]
[EventType "team-swiss"]
[EventDate "2019.12.26"]

1. e4 c5 2. Nc3 a6 3. g3 b5 4. Bg2 Bb7 5. d3 e6 6. f4 d5 7. exd5 exd5 8. Nf3
Nf6 9. O-O Be7 10. f5 O-O 11. Bg5 Nbd7 12. Qd2 h6 13. Bxh6 gxh6 14. Qxh6 Nh7
15. h4 Re8 16. g4 Ndf6 17. Bh3 Qd6 18. Qd2 Qg3+ 19. Qg2 Qxg2+ 20. Kxg2 d4 21.
Ne2 Nd5 22. Kf2 Ne3 23. Rg1 Bxf3 24. Kxf3 Bxh4 25. Bg2 Ng5+ 26. Kf4 Nd5+ 0-1

[Event "DVM U14 2019"]
[Site "Magdeburg GER"]
[Date "2019.12.29"]
[Round "5"]
[White "Schröder, Lennart"]
[Black "Friedrich, Eddie"]
[Result "1-0"]
[Termination "normal"]
[Board "10.2"]
[WhiteElo "1863"]
[BlackElo "1507"]
[WhiteTeam "Schachklub Münster 32 e. V."]
[BlackTeam "FVS ASP Hoyerswerda"]
[PlyCount "69"]
[WhiteFideId "16222490"]
[BlackFideId "16274946"]
[EventCountry "GER"]
[EventRounds "7"]
[EventType "team-swiss"]
[EventDate "2019.12.26"]

1. d4 d5 2. c4 e6 3. Nf3 Nf6 4. g3 b6 5. cxd5 exd5 6. Bg2 Bb7 7. O-O Be7 8. Qc2
O-O 9. Bf4 Bd6 10. Bxd6 Qxd6 11. Nc3 a6 12. Rac1 Nbd7 13. Rfd1 Rac8 14. Nh4 g6
15. Qd2 Kg7 16. f3 Rfe8 17. Re1 Ng8 18. e4 c6 19. Kh1 h6 20. Re2 Re7 21. Bh3
Rd8 22. e5 Qb8 23. f4 Nf8 24. f5 Kh7 25. fxg6+ fxg6 26. Rf1 Bc8 27. Bxc8 Qxc8
28. Qd3 Kg7 29. Ref2 b5 30. Rf6 Re6 31. Rf7+ Kh8 32. Ne2 Re7 33. Nxg6+ Nxg6 34.
Qxg6 Rxf7 35. Rxf7 1-0

[Event "DVM U14 2019"]
[Site "Magdeburg GER"]
[Date "2019.12.29"]
[Round "5"]
[White "Lesnikowski, Maciej"]
[Black "Weidemann, Jakob"]
[Result "0-1"]
[Termination "normal"]
[Board "10.3"]
[WhiteElo "1366"]
[BlackElo "1565"]
[WhiteTeam "FVS ASP Hoyerswerda"]
[BlackTeam "Schachklub Münster 32 e. V."]
[PlyCount "82"]
[WhiteFideId "21038910"]
[BlackFideId "16255470"]
[EventCountry "GER"]
[EventRounds "7"]
[EventType "team-swiss"]
[EventDate "2019.12.26"]

1. e4 c5 2. Nf3 d6 3. Bc4 g6 4. d3 Bg7 5. Nc3 Nc6 6. Be3 Nf6 7. Qd2 Ng4 8. Bg5
O-O 9. h3 Nge5 10. Bh6 Nxf3+ 11. gxf3 Nd4 12. O-O-O Nxf3 13. Qe3 Nd4 14. Bxg7
Kxg7 15. Rdg1 e6 16. Ne2 Nxe2+ 17. Qxe2 Bd7 18. Qe3 b5 19. Bb3 a5 20. h4 a4 21.
h5 Rh8 22. d4 c4 23. d5 e5 24. f4 f6 25. hxg6 hxg6 26. Qg3 Qe8 27. Rxh8 Kxh8
28. Rh1+ Kg7 29. f5 g5 30. Qh3 Qh8 31. Qf1 Qg8 32. Rh2 axb3 33. cxb3 cxb3 34.
a3 b4 35. Qh1 bxa3 36. bxa3 Rxa3 37. Kb1 Ra2 38. Rh6 Be8 39. Qh3 Ra4 40. Qxb3
Kxh6 41. Qxa4 Bxa4 0-1

[Event "DVM U14 2019"]
[Site "Magdeburg GER"]
[Date "2019.12.29"]
[Round "5"]
[White "Kvantaliani, Saba"]
[Black "Stark, Niklas"]
[Result "1-0"]
[Termination "normal"]
[Board "10.4"]
[WhiteElo "1523"]
[BlackElo "942"]
[WhiteTeam "Schachklub Münster 32 e. V."]
[BlackTeam "FVS ASP Hoyerswerda"]
[PlyCount "105"]
[WhiteFideId "16284364"]
[BlackFideId "16298250"]
[EventCountry "GER"]
[EventRounds "7"]
[EventType "team-swiss"]
[EventDate "2019.12.26"]

1. e4 e5 2. Bc4 Bc5 3. Nf3 d6 4. d3 Nf6 5. Bg5 Bg4 6. Nc3 c6 7. h3 Bh5 8. g4
Bg6 9. Nh4 Nbd7 10. Qd2 Qb6 11. Bb3 h6 12. Bxf6 Nxf6 13. Na4 Qb5 14. Nxc5 Qxc5
15. Nf5 Bxf5 16. gxf5 g5 17. fxg6 fxg6 18. Rg1 g5 19. h4 g4 20. Be6 Ke7 21.
Bxg4 Rag8 22. Qe2 h5 23. O-O-O Nxg4 24. d4 exd4 25. Rg3 Qe5 26. Rgd3 Nf6 27.
Rxd4 d5 28. Qd3 Rg4 29. Qa3+ Ke6 30. Qxa7 Qb8 31. Qb6 Rxe4 32. R4d3 Rg8 33. Rc3
Nd7 34. Qb3 Qa7 35. f3 Rf4 36. Re3+ Kd6 37. Rde1 Kc7 38. a3 Rff8 39. Re7 Rg1
40. Qb4 Rxe1+ 41. Qxe1 Qc5 42. Qe6 Qd6 43. Qe2 Kd8 44. Rh7 Qf4+ 45. Kb1 Qxh4
46. Qd2 Qf4 47. Qa5+ Qc7 48. Qa8+ Qb8 49. Qa5+ b6 50. Qb4 Qf4 51. Qe7+ Kc8 52.
Qxd7+ Kb8 53. Qb7# 1-0